000 00848nam a2200265 i 4500
003 DO-SdBNP
005 20240708152649.0
007 ta
008 240708b2006 pr 00| 0 spa d
020 _a0847704254
040 _aDO-SdBNP
_bspa
_cBNPHU
_erda
082 4 _222
_bJ94
100 _aJuliá Marín, Ramón
_d1878-1917
_917818
_eautor
245 1 3 _aLa Gleba /
_cRamón Juliá Marín
264 _aSan Juan, Puerto Rico :
_bLa Editorial, Universidad de Puerto Rico,
_c2006.
300 _a342 páginas :
_c21 cm.
336 _2rdacontent
_atexto
_btxt
337 _2rdamedia
_asin mediación
_bnc
338 _2rdacarrier
_avolumen
_bnc
490 1 _aClásicos no tan clásicos
500 _aIncluye datos biografícos del autor en la solapa de la portada.
590 _aInventariado, 2024/ YL
910 _aYlockward
942 _2ddc
_cLBS1
999 _c57219
_d57219